Lettere d'amore e non di Gay

Đã lưu trong:
Chi tiết về thư mục
Tác giả chính: Martinelli, Gianfranco
Định dạng: Sách
Ngôn ngữ:Tiếng Anh
Được phát hành: Salerno BookSprint Edizioni 2024
Các nhãn: Thêm thẻ
Không có thẻ, Là người đầu tiên thẻ bản ghi này!

MARC

LEADER 00000nam a2200000 4500
005 20241009180729.0
008 241009b |||||||| |||| 00| 0 eng d
020 |a 978-8824997232 
040 |c GP 
100 |a Martinelli, Gianfranco 
245 |a Lettere d'amore e non di Gay 
260 |a Salerno  |b BookSprint Edizioni  |c 2024 
942 |2 ddc  |c BK  |n 0 
952 |0 0  |1 0  |2 ddc  |4 0  |6 853_920000000000000_MAR  |7 1  |9 2089  |a RM  |b RM  |d 2024-10-09  |l 0  |o 853 92 MAR  |p 869  |r 2024-10-09 18:17:49  |w 2024-10-09  |y BK 
999 |c 1830  |d 1830